Осмогласие вятской певческой традиции (Запись № 11947645)

Подробности
000 -МАРКЕР
контрольное поле 02725ncm0a2200445 4500
001 - ИДЕНТИФИКАТОР ЗАПИСИ
контрольное поле RU\NLR\ONIZ\226922
005 - ИДЕНТИФИКАТОР ВЕРСИИ
контрольное поле 20250623211002.0
010 ## - МЕЖДУНАРОДНЫЙ СТАНДАРТНЫЙ НОМЕР КНИГИ (ISBN)
Номер (ISBN) 978-5-91402-216-4
Уточнения штрих-код
010 ## - МЕЖДУНАРОДНЫЙ СТАНДАРТНЫЙ НОМЕР КНИГИ (ISBN)
Ошибочный ISBN 978-509-1402-216-4
035 ## - ДРУГИЕ СИСТЕМНЫЕ НОМЕРА
Идентификатор записи RU\NLR\ONIZ\lanatalya\5000006986\20191003155735
035 ## - ДРУГИЕ СИСТЕМНЫЕ НОМЕРА
Идентификатор записи (NLR Aleph) 012112342
100 ## - ДАННЫЕ ОБЩЕЙ ОБРАБОТКИ
Данные общей обработки 20191003d2017 |||y0rusy50 ca
101 0# - ЯЗЫК РЕСУРСА
Язык текста, звукозаписи и т.д. русский
102 ## - СТРАНА ПУБЛИКАЦИИ ИЛИ ПРОИЗВОДСТВА
Страна публикации Российская Федерация
128 ## - ПОЛЕ КОДИРОВАННЫХ ДАННЫХ: МУЗЫКАЛЬНАЯ ФОРМА, ТОНАЛЬНОСТЬ И ЛАД
Музыкальная форма cfr
145 0# - ПОЛЕ КОДИРОВАННЫХ ДАННЫХ: СРЕДСТВО ИСПОЛНЕНИЯ МУЗЫКАЛЬНОГО ПРОИЗВЕДЕНИЯ (УСТАРЕВШЕЕ)
Тип средства исполнения a
200 1# - ЗАГЛАВИЕ И СВЕДЕНИЯ ОБ ОТВЕТСТВЕННОСТИ
Основное заглавие Осмогласие вятской певческой традиции
Общее обозначение материала Ноты
Сведения, относящиеся к заглавию учебное пособие и хрестоматия
Первые сведения об ответственности ред.-сост. Е. А. Тартышев
Последующие сведения об ответственности авт. вступ. слова М. И. Ващенко, авт. приветств. слова О. Н. Овчинников, авт. предисл. Л. В. Брандобовская
210 ## - ПУБЛИКАЦИЯ, РАСПРОСТРАНЕНИЕ И ДР.
Место издания, распространения и т.д. Вятка
Имя издателя, распространителя и т. д. О-Краткое
Дата издания, распространения и т.д. 2017
215 ## - ФИЗИЧЕСКАЯ ХАРАКТЕРИСТИКА
Специфическое обозначение материала и объем 159 с.
Размеры 30 см
300 ## - ОБЩИЕ ПРИМЕЧАНИЯ
Текст примечания ISBN на обороте тит. л. отличается от ISBN на штрих-коде
313 ## - ПРИМЕЧАНИЯ, ОТНОСЯЩИЕСЯ К ТЕМАТИЧЕСКОМУ ДОСТУПУ
Текст примечания Систематизация документа проведена по изданию - Методика классифицирования музыкальных произведений (нотных изданий) по таблицам Библиотечно-библиографических классификаций : метод. рекомендации / Гос. б-ка СССР им. В.И. Ленина.- М., 1977. Индексу ББК методических рекомендаций присваивается код ББК для научных библиотек - LBC/SL
606 1# - НАИМЕНОВАНИЕ ТЕМЫ КАК ПРЕДМЕТ
Наименование темы Песнопения церковные православные
Код системы nlr_sh
686 ## - ИНДЕКСЫ ДРУГИХ КЛАССИФИКАЦИЙ
Индекс Щ99(2Р=Р)
Издание LBC/SL
Код системы
702 #1 - ИМЯ ЛИЦА - ВТОРИЧНАЯ ОТВЕТСТВЕННОСТЬ
Системный номер авторитетной/нормативной записи z02790
Начальный элемент ввода Тартышев
Часть имени, кроме начального элемента ввода Е. А.
Даты 1949-2017
Расширение инициалов личного имени Евгений Ананьевич
Код отношения Составитель
-- Редактор
Графика поля Кириллица
702 #1 - ИМЯ ЛИЦА - ВТОРИЧНАЯ ОТВЕТСТВЕННОСТЬ
Системный номер авторитетной/нормативной записи z03790
Начальный элемент ввода Ващенко
Часть имени, кроме начального элемента ввода М. И.
Расширение инициалов личного имени Михаил Иванович
Код отношения Автор введения, предисловия, примечания и т.п.
Графика поля Кириллица
702 #1 - ИМЯ ЛИЦА - ВТОРИЧНАЯ ОТВЕТСТВЕННОСТЬ
Системный номер авторитетной/нормативной записи z04790
Начальный элемент ввода Овчинников
Часть имени, кроме начального элемента ввода О. Н.
Даты 1971-
Расширение инициалов личного имени Олег-Николаевич
Код отношения Автор введения, предисловия, примечания и т.п.
Графика поля Кириллица
702 #1 - ИМЯ ЛИЦА - ВТОРИЧНАЯ ОТВЕТСТВЕННОСТЬ
Системный номер авторитетной/нормативной записи z05790
Начальный элемент ввода Брандобовская
Часть имени, кроме начального элемента ввода Л. В.
Расширение инициалов личного имени Лолита Владимировна
Код отношения Автор введения, предисловия, примечания и т.п.
Графика поля Кириллица
790 #1 - ИМЯ ЛИЦА - АЛЬТЕРНАТИВНАЯ ФОРМА
Системный номер авторитетной/нормативной записи z02702
Начальный элемент ввода Tartyšev
Часть имени, кроме начального элемента ввода E. A.
Даты 1949-2017
Расширение инициалов личного имени Evgenij Anan`evič
Код отношения Составитель
-- Редактор
Графика поля Латинская
790 #1 - ИМЯ ЛИЦА - АЛЬТЕРНАТИВНАЯ ФОРМА
Системный номер авторитетной/нормативной записи z03702
Начальный элемент ввода Vaščenko
Часть имени, кроме начального элемента ввода M. I.
Расширение инициалов личного имени Michail Ivanovič
Код отношения Автор введения, предисловия, примечания и т.п.
Графика поля Латинская
790 #1 - ИМЯ ЛИЦА - АЛЬТЕРНАТИВНАЯ ФОРМА
Системный номер авторитетной/нормативной записи z04702
Начальный элемент ввода Ovčinnikov
Часть имени, кроме начального элемента ввода O. N.
Даты 1971-
Расширение инициалов личного имени Oleg Nikolaevič
Код отношения Автор введения, предисловия, примечания и т.п.
Графика поля Латинская
790 #1 - ИМЯ ЛИЦА - АЛЬТЕРНАТИВНАЯ ФОРМА
Системный номер авторитетной/нормативной записи z05702
Начальный элемент ввода Brandobovskaja
Часть имени, кроме начального элемента ввода L. V.
Расширение инициалов личного имени Lolita Vladimirovna
Код отношения Автор введения, предисловия, примечания и т.п.
Графика поля Латинская
801 #0 - ИСТОЧНИК ЗАПИСИ
Страна Российская Федерация
Организация NLR
Дата составления 20191003
Правила каталогизации PSBO
801 #1 - ИСТОЧНИК ЗАПИСИ
Страна Российская Федерация
Организация NLR
Дата составления 20191003
Источник данных rusmarc
801 #2 - ИСТОЧНИК ЗАПИСИ
Страна Российская Федерация
Организация NLR
Дата составления 20191227
852 ## - МЕСТОНАХОЖДЕНИЕ И ШИФР ХРАНЕНИЯ
Идентификатор организации NLR
Наименование фонда или коллекции (Sub-Location Identifier) М
Шифр хранения (Call Number) 986/1034
Страна
Номер экземпляра 1
942 ## - ДОПОЛНИТЕЛЬНЫЕ ЭЛЕМЕНТЫ ЗАПИСИ (АБИС)
Тип экземпляра АБИС Ноты
980 ## - КОЛЛЕКЦИЯ
Название коллекции Национальная библиография
980 ## - КОЛЛЕКЦИЯ
Название коллекции Отдел нот и звукозаписей
Экземпляры
Тип экземпляра Дата поступления Библиотека постоянного хранения Библиотека текущего хранения Место хранения Шифр хранения Статус экземпляра
Ноты 03.10.2019 РНБ (Московский) РНБ (Московский) Фонд нот и звукозаписей 986/1034 986/1034